| 000 | 00902nmm a2200277 a 4500 | ||
|---|---|---|---|
| 001 | ocm0001864921 | ||
| 003 | TR-IsHL | ||
| 005 | 20201028172659.0 | ||
| 008 | 180528s2018 tu tur | ||
| 007 | cr cn | ||
| 020 | _a9786052259788 | ||
| 035 |
_a1864921 _b(N$T) |
||
| 050 | 0 | 4 |
_aBL610 _b.A87 2018 |
| 090 | 0 | 4 |
_aBL610 _b.A87 2018 |
| 100 | 1 | _aAtkinson, William Walker | |
| 245 | 1 | 0 |
_aMystic christianity or, the inner teachings of the master _h[electronic resource] / _cWilliam Walker Atkinson |
| 250 | _aFirst edition | ||
| 260 |
_aİstanbul : _bE-Kitap Projesi, _c2018 |
||
| 300 | _a222 p. | ||
| 650 | 4 | _aFelsefe, Psikoloji ve Din | |
| 650 | 4 | _aPhilosophy, Psychology and Religion | |
| 650 | 0 | _aMistisizm | |
| 650 | 0 | _aMysticism | |
| 650 | 7 |
_aRELIGION / Mysticism _2bisacsh |
|
| 856 | 4 | 0 | _uhttp://search.ebscohost.com/login.aspx?direct=true&scope=site&db=e011xww&AN=1864921 |
| 999 |
_c17321 _d17321 |
||